| 000 | 00486nam a2200145Ia 4500 | ||
|---|---|---|---|
| 008 | 191129s9999 xx 000 0 und d | ||
| 020 | _a9789719654476 | ||
| 100 | _aFlores, Marivic Francisco | ||
| 245 |
_cMarivic Francisco Flores _aMethods of research in business education/ |
||
| 260 |
_aManila: _bUnlimited Books Library Services _c2016 |
||
| 300 |
_aviii, 232 p. ; _c21 cm. |
||
| 500 | _aIncludes bibliographical references | ||
| 650 | _aResearch paper | ||
| 650 | _aResearch writing | ||
| 999 |
_c362817 _d362817 |
||